000 00778cam a22002414a 4500
001 14805718
005 20180227034913.0
008 070412s2009 ohua b 001 0 eng
010 _a 2007926821
020 _a9780324568608 (hbk.)
020 _a0324568606 (hbk.)
040 _aDLC
_cDLC
_dDLC
041 _aeng
080 _a33 dav
100 1 _a60
101 _abus
245 1 0 _aEssentials of statistics for business and economics /
_cDavid R. Anderson, Dennis J. Sweeney, Thomas A. Williams.
246 3 0 _aStatistics for business and economics
504 _aIncludes bibliographical references (p. [580]) and index.
906 _a7
_bcbc
_corigcop
_d3
_encip
_f20
_gy-gencatlg
942 _2ddc
_cBK
999 _c43551
_d43551